| 000 | 00441nam a22001457a 4500 | ||
|---|---|---|---|
| 003 | OSt | ||
| 082 |
_a631.45 _bPAS/CH |
||
| 088 | _aT 539 | ||
| 100 |
_aMajeed Pasha MD _95202 |
||
| 245 | _aCharacterisation of hydrologic responses of micro watersheds using geospatial techniques | ||
| 260 |
_aTavanur _bDepartment of Soil and Water Conservation Engineering _c2022 |
||
| 300 |
_a164p _eCD included |
||
| 700 | _aSathian K K (Guide) | ||
| 942 | _cTH | ||
| 999 |
_c17518 _d17518 |
||